000 00252nam a2200097Ia 4500
001 817805
005 20250826171741.0
008 250824s9999 xx 000 0 und d
245 0 _aÇOCUKLARLA OYNADIĞI OYUNLAR
_cMUSA MERT
260 _bKAYALIPARK YAYINLARI
999 _c817805
_d817805